000 00842nam a2200301 a 4500
001 11883
003 CO-ViMGA
008 141112s2004 ck r 000 u spa d
020 _a8480551623
040 _aCO-ViMGA
_bspa
_cCO-ViMGA
082 0 4 _aR036 N838
110 _aCultural S.A.
_916688
245 1 0 _aNuevo plan de estudios consultor universal del estudiante
260 _aMadrid,
_cCultural S.A.,
_c1998
300 _a15 V.
650 1 4 _aARTE
_916689
650 1 4 _aBIOGRAFIAS
_916690
650 1 4 _aCIVICA
_916691
650 1 4 _aDEPORTES
_948158
650 1 4 _aDICCIONARIO DE BIOGRAFIAS
_916692
650 1 4 _aECOLOGIA
_9445
650 1 4 _aENCICLOPEDIAS Y DICCIONARIOS
_916693
650 1 4 _aINFORMATICA
_916694
650 1 4 _aMUSICA
_949440
650 1 4 _aTECNICAS DE ESTUDIO
_950664
650 1 4 _aTECNOLOGIA
_916695
942 _2ddc
_cBK
999 _c22957
_d22957